Visualizzazione normale
Vista MARC
- Smith Paul
di Personal Name
Records bibliografici associati: 1
001 - CONTROL NUMBER
- control field: 25358
003 - CONTROL NUMBER IDENTIFIER
- control field: IT-RoPau
005 - DATE AND TIME OF LATEST TRANSACTION
- control field: 20140516222856.0
008 - FIXED-LENGTH DATA ELEMENTS
- fixed length control field: 140516|| aca||aabn | a|a d
040 ## - CATALOGING SOURCE
- Original cataloging agency: IT-RoPau
- Transcribing agency: IT-RoPau
100 ## - HEADING--PERSONAL NAME
- Personal name: Smith Paul
- Dates associated with a name: Codice autore musica SPICS: 6978
- Relator term: Autore musica
- Name of part/section of a work: American Primitive
670 ## - SOURCE DATA FOUND
- Source citation: Work cat.: (IT-RoPau)99810: AA.VV. 794, New Age Music Collection (Lp Hflp 401)